| 000 | 00878nam a2200265 a 4500 | ||
|---|---|---|---|
| 001 | BRCA_4148 | ||
| 005 | 20190320204549.0 | ||
| 008 | 150410s1945----mx-a######---#000-0#spa-# | ||
| 041 | _aspa | ||
| 044 | _amx | ||
| 050 | 4 |
_aND259.O4 _b.C47 1 1945 |
|
| 100 | 1 |
_aCervantes, Enrique A. _d1935- _910711 |
|
| 245 | 1 | 0 |
_aPintura de Juan O´Gorman en la biblioteca ´Gertrudis Bocanegra´ de Pátzcuaro, Michoacán _cEnrique A. Cervantes. |
| 260 |
_aMéxico _bE. A. Cervantes _c1945 |
||
| 300 |
_a39 p. _bil. _c29 cm. |
||
| 500 | _aEjemplar numerado 464 de 1,000 | ||
| 500 | _aEjemplar igual a D94 | ||
| 500 | _aC177 | ||
| 600 | 1 | 4 |
_aO´Gorman, Juan _d1905-1982 _910712 |
| 610 | 2 | 4 |
_aBiblioteca Gertrudis Bocanegra (Pátzcuaro, Michoacán) _910713 |
| 650 | 1 | 4 |
_aPintores mexicanos _94220 |
| 651 | 4 |
_aPátzcuaro, Michoacán _xDescripción _910714 |
|
| 902 | _aGFM | ||
| 942 |
_2lcc _cB |
||
| 999 |
_c3864 _d3864 |
||